T. 26, № 2; Acta Geologica Polonica

Bibliografiske detaljer
Parent link:Acta Geologica Polonica: magazyn/ Polska Akademia Nauk. T. 26, № 2.— , 1956-1990.— 0001-5709
Sprog:polsk
Udgivet: 1976
Format: Bog
KOHA link:https://koha.lib.tpu.ru/cgi-bin/koha/opac-detail.pl?biblionumber=566310

MARC

LEADER 00000nam2a2200000 4500
001 566310
005 20231101124100.0
035 |a (RuTPU)RU\TPU\prd\262895 
035 |a RU\TPU\prd\262894 
090 |a 566310 
100 |a 20160923a19561990k y0poly50 ba 
101 0 |a pol 
102 |a PL 
200 0 |a T. 26, № 2 
210 |d 1976 
461 1 |0 (RuTPU)RU\TPU\prd\1093  |x 0001-5709  |t Acta Geologica Polonica  |o magazyn  |f Polska Akademia Nauk  |v T. 26, № 2  |d 1956-1990 
801 0 |a RU  |b 63413507  |c 20010227  |g PSBO 
801 1 |a RU  |b 63413507  |c 20080423  |g PSBO 
801 2 |a RU  |b 63413507  |c 20160923  |g PSBO 
942 |c BK 
999 |a НТБ_ТПУ  |b НФ  |e -14/20160111  |p П-4184  |u 0,00  |v 1